000 00682cam a2200241 a 4500
001 1019488
005 20180309040251.0
008 880224s1988 lau b s001 0 eng
010 _a 88006415
020 _a0807114790 (alk. paper)
020 _a0807115061 (pbk. : alk. paper)
040 _aDLC
_cDLC
_dDLC
041 _aeng
043 _an-us---
080 _a342.73029 LUT
082 0 0 _a342.73029 LUT
_a347.30229
_219
100 1 _a14
101 _aSHJ
245 1 4 _aThe origins of American constitutionalism /
_cDonald S. Lutz.
504 _aIncludes bibliographical references and index.
906 _a7
_bcbc
_corignew
_d1
_eocip
_f19
_gy-gencatlg
942 _2ddc
_cBK
999 _c44548
_d44548